| 000 | 00783nas a2200277 4500 | ||
|---|---|---|---|
| 001 | BR0807128 | ||
| 003 | BR-BrBNA | ||
| 005 | 20231205112204.0 | ||
| 007 | ta | ||
| 008 | 230509b bl.|||p| |||| 00| 00por d | ||
| 040 |
_aBR-BrBNA _bpor _cBiblioteca Nacional de Agricultura |
||
| 041 | _a(Pt) | ||
| 072 | _aH20 | ||
| 100 | 1 | _aBergamim Filho, A. | |
| 100 | 1 | _aAmorim, L. | |
| 100 | 1 | _aLaranjeira, F.F. | |
| 100 | 1 | _aBerger, R.D. | |
| 100 | 1 | _aHau, B. | |
| 245 | 1 | _aEtiologia do amarelecimento fatal do dendezeiro | |
| 650 | _aPLANTA | ||
| 650 | _aDOENÇA DE PLANTA | ||
| 650 | _aDENDE | ||
| 773 | 0 |
_tFitopatologia Brasileira (Brazil) _xISSN 0100-4158 _g(Aug 2000), v. 25(suppl.) p. 286-288 _wBR0807128 |
|
| 909 |
_a202311 _bLúcia _c55 _dLúcia Elande |
||
| 942 |
_2AGRIS _n0 _cANA |
||
| 999 |
_c196618 _d196618 |
||